Lucent's Verbal Reasoning/ (Record no. 194122)

MARC details
000 -LEADER
fixed length control field 00811nam a22002057a 4500
005 - DATE AND TIME OF LATEST TRANSACTION
control field 20230112170123.0
010 ## - LCCN (DPL NO)
LC control number B-747657-668 E.N.A./7.11.22
020 ## - INTERNATIONAL STANDARD BOOK NUMBER
International Standard Book Number 9789384761189
Terms of availability 450.00
035 ## - SYSTEM CONTROL NUMBER
System control number B-747657-668
037 ## - SOURCE OF ACQUISITION
Source of stock number/acquisition Adhunik
082 ## - DEWEY DECIMAL CLASSIFICATION NUMBER
Classification number 000
100 ## - MAIN ENTRY--PERSONAL NAME
Personal name Bhupendra, Kr. Singh
245 ## - TITLE STATEMENT
Title Lucent's Verbal Reasoning/
Statement of responsibility, etc Bhupendra Kr. Singh and Vibha Rani
260 ## - PUBLICATION, DISTRIBUTION, ETC. (IMPRINT)
Place of publication, distribution, etc Patna
Name of publisher, distributor, etc Lucent Publication
Date of publication, distribution, etc 2022
270 ## - ADDRESS
Address New Bypass Road, Ashochak
City Patna
Postal code 800030
Telephone number 9934016609
Electronic mail address info@lucentpublication.com
300 ## - PHYSICAL DESCRIPTION
Extent 714p.
Dimensions 27cm(pbk)
700 ## - ADDED ENTRY--PERSONAL NAME
Personal name Rani, Vibha
942 ## - ADDED ENTRY ELEMENTS (KOHA)
Source of classification or shelving scheme Dewey Decimal Classification
Item type English Books
Call number suffix BHU
Classification part 000
Holdings
Withdrawn status Lost status Not for loan Collection code Home library Current library Date acquired Source of acquisition Cost, normal purchase price Full call number Barcode Copy number Cost, replacement price Koha item type
      Non-fiction Ashok Vihar Ashok Vihar 12/01/2023 Adhunik Prakashan/1333/28.11.22/145/23.11.22/13.12.22 450.00 000 BHU B-747662 1 450.00 English Books
      Non-fiction Bawana Bawana 12/01/2023 Adhunik Prakashan/1333/28.11.22/145/23.11.22/13.12.22 450.00 000 BHU B-747667 1 450.00 English Books
      Non-fiction Central Library Central Library 12/01/2023 Adhunik Prakashan/1333/28.11.22/145/23.11.22/13.12.22 450.00 000 BHU B-747657 1 450.00 English Books
      Non-fiction Mobile Library Mobile Library 12/01/2023 Adhunik Prakashan/1333/28.11.22/145/23.11.22/13.12.22 450.00 000 BHU B-747658 4 450.00 English Books
      Non-fiction Mobile Library Mobile Library 12/01/2023 Adhunik Prakashan/1333/28.11.22/145/23.11.22/13.12.22 450.00 000 BHU B-747659 4 450.00 English Books
      Non-fiction Mobile Library Mobile Library 12/01/2023 Adhunik Prakashan/1333/28.11.22/145/23.11.22/13.12.22 450.00 000 BHU B-747660 4 450.00 English Books
      Non-fiction Mobile Library Mobile Library 12/01/2023 Adhunik Prakashan/1333/28.11.22/145/23.11.22/13.12.22 450.00 000 BHU B-747661 4 450.00 English Books
      Non-fiction Patel Nagar Patel Nagar 12/01/2023 Adhunik Prakashan/1333/28.11.22/145/23.11.22/13.12.22 450.00 000 BHU B-747663 1 450.00 English Books
      Non-fiction R.K.Puram-8 R.K.Puram-8 12/01/2023 Adhunik Prakashan/1333/28.11.22/145/23.11.22/13.12.22 450.00 000 BHU B-747665 1 450.00 English Books
      Non-fiction Sarojini Nagar Sarojini Nagar 12/01/2023 Adhunik Prakashan/1333/28.11.22/145/23.11.22/13.12.22 450.00 000 BHU B-747664 1 450.00 English Books
      Non-fiction Shahdara Branch Shahdara Branch 12/01/2023 Adhunik Prakashan/1333/28.11.22/145/23.11.22/13.12.22 450.00 000 BHU B-747668 1 450.00 English Books
      Non-fiction Vinoba Puri Vinoba Puri 12/01/2023 Adhunik Prakashan/1333/28.11.22/145/23.11.22/13.12.22 450.00 000 BHU B-747666 1 450.00 English Books

© Delhi Public Library
Hit Counter
free hit counter